Sistema Nacional de Medición de la Calidad de la Educación Física y Deportiva Escolar

Na minha lista:
Detalhes bibliográficos
Autores corporativos: Ministerio de Educación (Autor), Chile Deportes (Autor)
Formato: Livro
Idioma:espanhol
Publicado em: Santiago Unidad de Deporte y Tiempo Libre Escolar 2002
coleção:Documento Preliminar
Assuntos:
Tags: Adicionar Tag
Sem tags, seja o primeiro a adicionar uma tag!

MARC

LEADER 00000nam a2200000 a 4500
001 UCM9275
003 CL-VaPUC
005 20210909074839.0
008 030417e20020000cl 1 spa d
082 0 4 |a 372.86  |b MIN  |2 21 
110 2 |a Ministerio de Educación  |e author  |9 620304 
710 2 |a Chile Deportes  |e author  |9 620305 
245 1 0 |a Sistema Nacional de Medición de la Calidad de la Educación Física y Deportiva Escolar 
246 1 0 |a Dimensión de la aptitud física y sus variables de medición en Chile: coloquio de expertos 
260 |a Santiago  |b Unidad de Deporte y Tiempo Libre Escolar  |c 2002 
300 |a 33 h 
490 0 |a Documento Preliminar 
583 |a last modification  |c 20030417 00:00:00  |k Rodrigo Vera 
650 0 0 |a Educación física  |9 240893 
650 0 0 |a Calidad de la educación   |9 307271 
650 0 0 |a Educación básica   |9 224933 
650 0 7 |a RESISTENCIA FISICA  |2 CL-VaPUC  |9 387908 
942 |c BK 
945 |a cmena  |d 20030417 00:00:00 
546 |a En Español 
518 |p Coloquio de Expertos, Santiago, 24 de octubre de 2002 
999 |c 383865  |d 383863 
952 |0 0  |1 0  |4 0  |6 372_860000000000000_MIN_2002  |7 0  |8 P  |9 506174  |a BIBEDU  |b BIBEDU  |d 2020-01-23  |i 3896633  |o 372.86 MIN 2002  |p 3896633  |r 2020-01-23  |w 2020-01-23  |y BK  |k BME 
952 |0 0  |1 0  |4 0  |6 372_860000000000000_MIN_2002  |7 0  |8 P  |9 506175  |a BIBEDU  |b BIBEDU  |d 2020-01-23  |i 3896641  |o 372.86 MIN 2002  |p 3896641  |r 2020-01-23  |w 2020-01-23  |y BK  |k BME 
952 |0 0  |1 0  |4 0  |6 372_860000000000000_MIN_2002  |7 0  |8 P  |9 506176  |a BIBEDU  |b BIBEDU  |d 2020-01-23  |i 389665K  |o 372.86 MIN 2002  |p 389665K  |r 2020-01-23  |w 2020-01-23  |y BK  |k BME 
952 |0 0  |1 0  |4 0  |6 372_860000000000000_MIN_2002  |7 0  |8 P  |9 506177  |a BIBEDU  |b BIBEDU  |d 2020-01-23  |i 3896668  |o 372.86 MIN 2002  |p 3896668  |r 2020-01-23  |w 2020-01-23  |y BK  |k BME 
952 |0 0  |1 0  |4 0  |6 372_860000000000000_MIN_2002  |7 0  |8 P  |9 506178  |a BIBEDU  |b BIBEDU  |d 2020-01-23  |i 3896676  |o 372.86 MIN 2002  |p 3896676  |r 2020-01-23  |w 2020-01-23  |y BK  |k BME 
952 |0 0  |1 0  |4 0  |6 372_860000000000000_MIN_2002  |7 0  |8 P  |9 506179  |a BIBEDU  |b BIBEDU  |c BIBEDU_PB  |d 2020-01-23  |i 3896684  |o 372.86 MIN 2002  |p 3896684  |r 2024-01-25  |w 2020-01-23  |y BK  |k BME 
952 |0 0  |1 0  |4 0  |6 372_860000000000000_MIN_2002  |7 0  |8 P  |9 506180  |a BIBEDU  |b BIBEDU  |d 2020-01-23  |i 3896692  |o 372.86 MIN 2002  |p 3896692  |r 2020-01-23  |w 2020-01-23  |y BK  |k BME 
952 |0 0  |1 0  |4 0  |6 372_860000000000000_MIN_2002  |7 0  |8 P  |9 506181  |a BIBEDU  |b BIBEDU  |d 2020-01-23  |i 3896706  |o 372.86 MIN 2002  |p 3896706  |r 2020-01-23  |w 2020-01-23  |y BK  |k BME